000
00300nam a2200133Ia 4500
008
240624s9999 xx 000 0 und d
041
_a
eng
082
_a
823 MAN
100
_a
MANDANNA SARITA
245
_a
TIGER HILLS
260
_c
2010
_a
New Delhi
_b
Viking
300
_a
451 : p.
365
_c
RS
_b
20
999
_c
15866
_d
15866